000 00655nam a2200277Ia 4500
005 20260320195905.0
008 008 262003s9999 xx 000 0 hin d
020 _a9789389598797
037 _aEBOOK
040 _aCRL
040 _bhin
040 _cCRL
041 _2hin
041 _ahin
084 _qCRL
100 _aउदयन वाजपेई
_91132900
245 0 _aसिनेमा और संसार
250 _a2nd
260 _bRajkamal
260 _c2021
300 _a110
856 _uhttps://ebook.indiaread.in/pdfs/9789389598797.pdf
942 _cEBOOK
999 _c1717032
_d1717032